000 01819cam a2200349 i 4500
999 _c130183
_d130183
001 18786447
003 ARRUPE
005 20200123115456.0
008 150917s2016 enkb b 001 0 eng
010 _a 2015036420
020 _a9780521116312 (hbk)
020 _z9780521133258 (ebk)
040 _aDLC
_beng
_cDLC
_erda
_dDLC
042 _apcc
043 _af-sj---
050 0 0 _aDT159.94
_b.R65 2016
100 1 _aRolandsen, Øystein H.,
_eauthor.
_949048
245 1 2 _aA history of South Sudan :
_bfrom slavery to independence /
_cØystein H. Rolandsen, M. W. Daly.
300 _axvii, 171 pages :
_bmap ;
_c24 cm
504 _aIncludes bibliographical references and index.
505 0 _aIntroduction: the land and peoples of the upper Mile -- Ivory and slaves: the nineteenth century -- The second Turkiyya, 1898-1953 -- The curse of colonial continuity, 1953-63 -- The First Civil War, 1963-72 -- Regional government: from one civil war to another, 1972-83 -- Eclipsed by war, 1983-91 -- Factional politics, 1991-2001 -- Making unity impossible, 2002-2011 -- Independent South Sudan.
651 0 _aSouth Sudan
_xPolitics and government.
_931158
651 0 _aSouth Sudan
_xHistory.
_949049
651 0 _aSudan
_xPolitics and government
_y1985-
_910155
700 1 _aDaly, M. W.,
_eauthor.
_931131
856 4 2 _3Contributor biographical information
_uhttp://www.loc.gov/catdir/enhancements/fy1606/2015036420-b.html
856 4 2 _3Publisher description
_uhttp://www.loc.gov/catdir/enhancements/fy1606/2015036420-d.html
856 4 1 _3Table of contents only
_uhttp://www.loc.gov/catdir/enhancements/fy1606/2015036420-t.html
906 _a7
_bcbc
_corignew
_d1
_eecip
_f20
_gy-gencatlg
942 _2lcc
_cMONOGRAPH